000 00281nam a2200109 4500
008 160704b xxu||||| |||| 00| 0 eng d
100 _91980
_a Srikumar, A.K
245 _aOperation Polo
260 _aN.D
_b Children Book Trust
_c2000
300 _aOperation Polo
942 _2ddc
_cBK
999 _c1681
_d1681